000 00244nam a2200109Ia 4500
008 220204s9999 xx 000 0 und d
082 _bFLI
100 _aFlint, J
245 0 _aHow to play bridge
260 _aLondon
_bHamlyn
_c1977
942 _cBK
999 _c35956
_d35956